00554nam a2200145Ia 4500008004100000041001200041100001300053245003500066260004000101300000800141650001500149942000700164999001700171952022000188221030s9999 xx 000 0 und d aEnglish aS. Gupta 0aObjectice Physicscby S. Gupta bJai prakash Nath Pub.aMeerutc1995 a696 aBB Physics cBK c17943d17943 pBB 877g100.00l0eDonated by Dr. Rajinder Sharma ( Asstt. Prof. Phy. Deptt. )r2025-05-17 00:00:00w2022-10-30yBK003Print4070aMIETLIBbMIETLIBcBL-Academic Block B, FL-2, CUP-101, SH-1, R-1d2018-12-1210HBB